[Event "Catalunya-chT Honor"]
[Site "Catalunya"]
[Date "2013.02.09"]
[Round "4.8"]
[White "Espinoza Palomino, Willyam"]
[Black "Pascual Genoves, Marc"]
[Result "1-0"]
[WhiteElo "2284"]
[BlackElo "2216"]
[PlyCount "91"]
[EventDate "2013.01.19"]
[EventType "team-tourn"]
[EventRounds "11"]
[EventCountry "ESP"]
[SourceTitle "CBM 152 Extra"]
[Source "ChessBase"]
[SourceDate "2013.02.25"]
[SourceVersion "1"]
[SourceVersionDate "2013.02.25"]
[SourceQuality "1"]
[WhiteTeam "Montcada"]
[BlackTeam "Cerdanyola Valles"]
[WhiteTeamCountry "ESP"]
[BlackTeamCountry "ESP"]

1. e4 e6 2. d4 d5 3. Nc3 Bb4 4. e5 c5 5. a3 Bxc3+ 6. bxc3 Qa5 7. Bd2 Qa4 8. Qg4 g6 9. Qd1 Nc6 10. Nf3 c4 11. h4 h6 12. g3 Bd7 13. Bg2 0-0-0 14. 0-0 f6 15. exf6 Nxf6 16. Ne5 Nxe5 17. dxe5 Ne4 18. Bxe4 dxe4 19. Be3 g5 20. hxg5 hxg5 21. Qd6 Rh5 22. Kg2 b6 23. Rh1 Rxh1 24. Rxh1 g4 25. Rc1 Rh8 26. Rd1 Qc6 27. Qe7 Rd8 28. Qg7 Qa4 29. Rd2 Bc6 30. Rd6 Bd7 31. Rd4 Bc6 32. Qxg4 Rd7 33. Rd6 Rc7 34. Qxe6+ Kb7 35. Qf6 Qxa3 36. Rd4 Qxc3 37. e6 Qxc2 38. e7 Be8 39. Rd8 Qa4 40. Bf4 Rc5 41. Qh8 Rc8 42. Qe5 Rc5 43. Qb8+ Ka6 44. Be3 Bh5 45. Bxc5 Bf3+ 46. Kh3 1-0

[Event "La Pobla de Lillet op 19th"]
[Site "La Pobla de Lillet"]
[Date "2009.08.??"]
[Round "8"]
[White "Pascual Genoves, Marc"]
[Black "Matnadze, Ana"]
[Result "0-1"]
[WhiteElo "2227"]
[BlackElo "2413"]
[PlyCount "64"]
[EventDate "2009.08.02"]
[EventType "swiss"]
[EventRounds "9"]
[EventCountry "ESP"]
[SourceTitle "CBM 131 Extra"]
[Source "ChessBase"]
[SourceDate "2009.09.03"]
[SourceVersion "2"]
[SourceVersionDate "2009.09.16"]
[SourceQuality "1"]

1. e4 c5 2. Nf3 d6 3. Bb5+ Nc6 4. c3 Nf6 5. Qe2 Bg4 6. h3 Bxf3 7. Qxf3 e5 8. 0-0 Be7 9. Na3 0-0 10. Nc2 Qb6 11. Be2 Nd8 12. d3 Ne6 13. Rb1 Qa5 14. a3 Qc7 15. g3 Kh8 16. Qg2 Rg8 17. Ne3 g6 18. Kh1 Qd7 19. Nd5 Nxd5 20. exd5 Nc7 21. c4 f5 22. f4 Bf6 23. b4 b6 24. g4 exf4 25. Bxf4 g5 26. Bd2 f4 27. Bf3 cxb4 28. axb4 a5 29. Qf2 Qg7 30. Qxb6 a4 31. Rfc1 a3 32. d4 Ra6 0-1

[Event "Catalunya-chT Honor"]
[Site "Catalunya"]
[Date "2009.02.01"]
[Round "1"]
[White "Llaneza Vega, Patricia"]
[Black "Pascual Genoves, Marc"]
[Result "1-0"]
[WhiteElo "2250"]
[BlackElo "2225"]
[PlyCount "57"]
[EventDate "2009.02.01"]
[EventType "team-tourn"]
[EventRounds "9"]
[EventCountry "ESP"]
[SourceTitle "EXT 2019"]
[Source "ChessBase"]
[SourceDate "2018.10.10"]
[SourceVersion "1"]
[SourceVersionDate "2018.10.10"]
[SourceQuality "1"]
[WhiteTeam "Foment Martinenc"]
[BlackTeam "Cerdanyola Valles"]
[WhiteTeamCountry "ESP"]
[BlackTeamCountry "ESP"]

1. e4 g6 2. d4 Bg7 3. Nc3 c6 4. Nf3 d6 5. a4 Nd7 6. Bc4 d5 7. Bb3 e6 8. 0-0 Ne7 9. a5 0-0 10. Re1 c5 11. exd5 Nxd5 12. Nxd5 exd5 13. Bxd5 cxd4 14. Nxd4 Ne5 15. Nf3 Bg4 16. Bxb7 Qxd1 17. Rxd1 Rad8 18. Rxd8 Rxd8 19. Bg5 Rb8 20. a6 Nc4 21. Ra4 Be6 22. b3 Nb6 23. Ra5 Bc3 24. Rc5 Bb2 25. h3 Bf5 26. g4 Be6 27. Rb5 Nd5 28. Rxd5 Bxd5 29. Bxd5 1-0

[Event "Imperia op-A 50th"]
[Site "Imperia"]
[Date "2008.09.01"]
[Round "2"]
[White "Salvador, Roland"]
[Black "Pascual Genoves, Marc"]
[Result "1-0"]
[WhiteElo "2443"]
[BlackElo "2232"]
[PlyCount "73"]
[EventDate "2008.08.31"]
[EventType "swiss"]
[EventRounds "9"]
[EventCountry "ITA"]
[SourceTitle "MCD"]
[Source "ChessBase"]
[SourceDate "1999.07.01"]
[SourceVersion "1"]
[SourceVersionDate "1999.07.01"]
[SourceQuality "1"]

1. d4 d6 2. Nf3 Nf6 3. g3 g6 4. Bg2 Bg7 5. c4 0-0 6. Nc3 Nc6 7. d5 Na5 8. Nd2 c5 9. 0-0 e5 10. b3 a6 11. Nde4 Nxe4 12. Nxe4 b5 13. Bd2 Nb7 14. Qc1 Bd7 15. Bh6 Qe7 16. Bxg7 Kxg7 17. f4 f6 18. Qd2 Rae8 19. Rfe1 h6 20. e3 Kh7 21. Nf2 b4 22. e4 a5 23. Nd3 a4 24. bxa4 Na5 25. Nb2 Qg7 26. fxe5 Rxe5 27. Re3 f5 28. a3 Rb8 29. axb4 Rxb4 30. Rae1 Rxb2 31. Qxa5 Rb4 32. Qc7 fxe4 33. Qxd6 Bf5 34. Qxc5 Rxa4 35. Qd4 Qc7 36. d6 Qg7 37. Bxe4 1-0

[Event "Catalunya-chT Honor"]
[Site "Catalunya"]
[Date "2008.02.17"]
[Round "4"]
[White "Pascual Genoves, Marc"]
[Black "Almirall Botella, Jaume"]
[Result "1-0"]
[WhiteElo "2194"]
[BlackElo "2086"]
[PlyCount "78"]
[EventDate "2008.01.27"]
[EventType "team-tourn"]
[EventRounds "9"]
[EventCountry "ESP"]
[SourceTitle "EXT 2019"]
[Source "ChessBase"]
[SourceDate "2018.10.10"]
[SourceVersion "1"]
[SourceVersionDate "2018.10.10"]
[SourceQuality "1"]

1. e4 Nf6 2. e5 Nd5 3. d4 d6 4. c4 Nb6 5. exd6 exd6 6. Nc3 Be7 7. Be3 Nc6 8. Nf3 0-0 9. h3 Bf5 10. g4 Bg6 11. Qd2 d5 12. c5 Nc4 13. Bxc4 dxc4 14. 0-0-0 b6 15. Ne5 Nxe5 16. dxe5 Bd3 17. f4 Bxc5 18. Bxc5 bxc5 19. Rhe1 Rb8 20. f5 Qd4 21. f6 gxf6 22. exf6 Qxf6 23. Nd5 Qg7 24. g5 Qd4 25. Ne7+ Kh8 26. Nc6 Qg7 27. Nxb8 Rxb8 28. Re7 a5 29. Rde1 Qd4 30. Re8+ Rxe8 31. Rxe8+ Kg7 32. Qe3 Kg6 33. h4 Qxe3+ 34. Rxe3 Kh5 35. Re5 Kxh4 36. Rxc5 c6 37. Rxa5 Kg4 38. Rc5 h5 39. gxh6 f5 1-0

[Event "Calvia op"]
[Site "Calvia"]
[Date "2006.10.19"]
[Round "9.4"]
[White "Skorna, Ullrich"]
[Black "Pascual Genoves, Marc"]
[Result "0-1"]
[WhiteElo "2098"]
[BlackElo "2206"]
[PlyCount "104"]
[EventDate "2006.10.11"]
[EventType "swiss"]
[EventRounds "9"]
[EventCountry "ESP"]
[SourceTitle "EXT 2007"]
[Source "ChessBase"]
[SourceDate "2006.11.23"]
[SourceVersion "1"]
[SourceVersionDate "2006.11.23"]
[SourceQuality "1"]

1. e4 g6 2. d4 d6 3. Nc3 c6 4. Nf3 Bg7 5. h3 Nf6 6. Be3 0-0 7. Qd2 b5 8. Bd3 Nbd7 9. 0-0 Qc7 10. Bh6 e5 11. Bxg7 Kxg7 12. dxe5 dxe5 13. Rad1 Re8 14. Qg5 h6 15. Qe3 Nh5 16. Ne2 Qb6 17. Qxb6 axb6 18. a3 Nc5 19. g4 Nf6 20. Ng3 Na4 21. Rb1 Nh7 22. c3 Ng5 23. Nxg5 hxg5 24. Bc2 Be6 25. Bxa4 bxa4 26. Rfd1 Red8 27. Nf1 Bb3 28. Rxd8 Rxd8 29. Re1 f6 30. Kg2 Kf7 31. Ng3 Rd2 32. Rh1 Rxb2 33. h4 gxh4 34. Rxh4 Kg7 35. Rh3 Be6 36. Nf1 Rb3 37. Rd3 Kf7 38. g5 Rxa3 39. Rf3 f5 40. Rh3 Kg7 41. Rd3 fxe4 42. Rd6 Bd5 43. Rd7+ Kf8 44. Ne3 Rxc3 45. Rb7 b5 46. Nxd5 cxd5 47. Rxb5 Rd3 48. Rb6 Kf7 49. Rf6+ Kg7 50. Re6 a3 51. Rxe5 Kf7 52. f4 a2 0-1

[Event "La Pobla de Lillet op 16th"]
[Site "La Pobla de Lillet"]
[Date "2006.??.??"]
[Round "7"]
[White "Velicka, Petr"]
[Black "Pascual Genoves, Marc"]
[Result "1-0"]
[WhiteElo "2475"]
[BlackElo "2213"]
[PlyCount "79"]
[EventDate "2006.08.02"]
[EventType "swiss"]
[EventRounds "9"]
[EventCountry "ESP"]
[SourceTitle "CBM 113 Extra"]
[Source "ChessBase"]
[SourceDate "2006.09.14"]
[SourceVersion "1"]
[SourceVersionDate "2006.09.14"]
[SourceQuality "1"]

1. e4 d6 2. d4 g6 3. c3 Bg7 4. f4 Nd7 5. Nf3 e5 6. Bc4 exd4 7. cxd4 Nb6 8. Bb3 d5 9. e5 Ne7 10. Nc3 0-0 11. 0-0 Be6 12. Ng5 Qd7 13. Nxe6 fxe6 14. Qe2 Nf5 15. Qf2 Rf7 16. g4 Ne7 17. Qe2 Raf8 18. Qd3 c6 19. Be3 Na8 20. Ne2 Nc7 21. Bc2 b6 22. Rf2 Qc8 23. a3 Na8 24. b4 a6 25. Raf1 Nc7 26. Ng3 Qb7 27. h4 Bh8 28. h5 b5 29. Kh2 Qc8 30. Rg2 Bg7 31. Qd2 Bh6 32. f5 Bxe3 33. Qxe3 gxf5 34. gxf5 Kh8 35. f6 Ng8 36. h6 Ne8 37. Nh5 Qc7 38. Kh1 Qd7 39. Rfg1 Qd8 40. Qg5 1-0

[Event "La Pobla de Lillet op 15th"]
[Site "La Pobla de Lillet"]
[Date "2005.08.10"]
[Round "9"]
[White "Baron Rodriguez, Jesus"]
[Black "Pascual Genoves, Marc"]
[Result "1-0"]
[WhiteElo "2445"]
[BlackElo "2246"]
[PlyCount "59"]
[EventDate "2005.08.02"]
[EventType "swiss"]
[EventRounds "9"]
[EventCountry "ESP"]
[SourceTitle "CBM 107 Extra"]
[Source "ChessBase"]
[SourceDate "2005.09.01"]
[SourceVersion "1"]
[SourceVersionDate "2005.09.01"]
[SourceQuality "1"]

1. e4 g6 2. d4 Bg7 3. Nc3 d6 4. f4 a6 5. Nf3 b5 6. Bd3 Bb7 7. Be3 Nd7 8. e5 e6 9. a4 b4 10. Ne4 Qe7 11. a5 f5 12. Nf2 Nh6 13. 0-0 0-0 14. c3 dxe5 15. dxe5 bxc3 16. bxc3 Nc5 17. Bc4 Rfe8 18. Rb1 Rad8 19. Qe2 Bd5 20. Nd4 Nf7 21. Bxd5 Rxd5 22. c4 Rd7 23. Nc6 Qf8 24. h4 h6 25. g3 Kh7 26. Rfd1 Rxd1+ 27. Qxd1 g5 28. Qd4 gxf4 29. gxf4 Qg8 30. Kh1 1-0

[Event "La Pobla de Lillet op 15th"]
[Site "La Pobla de Lillet"]
[Date "2005.08.09"]
[Round "8"]
[White "Sanchez Soler, Manuel"]
[Black "Pascual Genoves, Marc"]
[Result "0-1"]
[WhiteElo "2010"]
[BlackElo "2246"]
[PlyCount "83"]
[EventDate "2005.08.02"]
[EventType "swiss"]
[EventRounds "9"]
[EventCountry "ESP"]
[SourceTitle "CBM 107 Extra"]
[Source "ChessBase"]
[SourceDate "2005.09.01"]
[SourceVersion "1"]
[SourceVersionDate "2005.09.01"]
[SourceQuality "1"]

1. e4 g6 2. d4 Bg7 3. c4 d6 4. Nc3 Nf6 5. f4 c5 6. d5 0-0 7. Nf3 e6 8. Bd3 exd5 9. cxd5 Bg4 10. h3 Bxf3 11. Qxf3 Nbd7 12. 0-0 a6 13. a4 Re8 14. Rb1 Rb8 15. Bd2 Qc7 16. b3 Re7 17. Rbe1 Rbe8 18. Nd1 b5 19. axb5 axb5 20. e5 dxe5 21. Bxb5 e4 22. Qe2 Nxd5 23. Qc4 Bd4+ 24. Kh1 e3 25. Qxd5 exd2 26. Rxe7 Rxe7 27. f5 Nf6 28. Qf3 Ne4 29. g4 Ng3+ 30. Kg2 Nxf1 31. Bxf1 Qe5 32. f6 Qxf6 33. Qxf6 Bxf6 34. Kf3 Bd4 35. Be2 Kg7 36. g5 Re5 37. h4 Kf8 38. Bd3 Re8 39. Bc2 Ke7 40. Kg4 Ke6 41. h5 Rg8 42. Kf4 0-1

[Event "Catalunya-chT DH"]
[Site "Spain"]
[Date "2004.??.??"]
[Round "4"]
[White "Lacasta Palacio, Joaquim"]
[Black "Pascual Genoves, Marc"]
[Result "0-1"]
[WhiteElo "2195"]
[BlackElo "2193"]
[PlyCount "138"]
[EventDate "2004.??.??"]
[EventType "team"]
[EventRounds "9"]
[EventCountry "ESP"]
[SourceTitle "EXT 2007"]
[Source "ChessBase"]
[SourceDate "2006.11.23"]
[SourceVersion "1"]
[SourceVersionDate "2006.11.23"]
[SourceQuality "1"]

1. g3 d5 2. Bg2 c5 3. f4 Nc6 4. Nf3 Nf6 5. 0-0 g6 6. d3 d4 7. Nbd2 Bg7 8. Nc4 0-0 9. e4 dxe3 10. Bxe3 Nd4 11. c3 Nxf3+ 12. Bxf3 Qc7 13. Qe2 Be6 14. Ne5 Bd5 15. d4 Bxf3 16. Qxf3 cxd4 17. Bxd4 Rfd8 18. Rae1 Rac8 19. f5 Rf8 20. Qe2 Rce8 21. fxg6 hxg6 22. Qb5 a6 23. Qb3 e6 24. Bb6 Qc8 25. Nc4 Qc6 26. Ne5 Qd6 27. Bd4 Nd7 28. Nf3 e5 29. Be3 Nc5 30. Qa3 Rc8 31. Rd1 Qc6 32. Bxc5 Qxc5+ 33. Qxc5 Rxc5 34. Rfe1 b5 35. Re2 a5 36. Rd7 Bf6 37. Nd2 Bd8 38. Nb3 Rc7 39. Rd5 a4 40. Nd2 a3 41. Rxb5 axb2 42. Nb1 Bf6 43. Rbxb2 Re8 44. Rbc2 e4 45. c4 Bd4+ 46. Kg2 f5 47. Nd2 Rec8 48. Nb3 Ba7 49. c5 Bxc5 50. Nxc5 Rxc5 51. Rxc5 Rxc5 52. Kf2 Kf7 53. Ke3 Ke6 54. Kd4 Ra5 55. Rb2 Ra4+ 56. Ke3 Ra6 57. Kd4 g5 58. Ke3 Ra5 59. Kd4 Rd5+ 60. Kc4 Ke5 61. a4 Rd4+ 62. Kb5 e3 63. a5 Rd2 64. Rb1 e2 65. Re1 Ke4 66. a6 Ke3 67. Ra1 Kf2 68. a7 Rd8 69. h4 gxh4 0-1

[Event "Catalunya-chT DH"]
[Site "Spain"]
[Date "2004.??.??"]
[Round "3"]
[White "Pascual Genoves, Marc"]
[Black "Ritter Aguilar, Jordi"]
[Result "1-0"]
[WhiteElo "2193"]
[BlackElo "2049"]
[PlyCount "51"]
[EventDate "2004.??.??"]
[EventType "team"]
[EventRounds "9"]
[EventCountry "ESP"]
[SourceTitle "EXT 2007"]
[Source "ChessBase"]
[SourceDate "2006.11.23"]
[SourceVersion "1"]
[SourceVersionDate "2006.11.23"]
[SourceQuality "1"]

1. e4 e5 2. Nc3 Nc6 3. Bc4 Nf6 4. d3 h6 5. Nge2 Be7 6. 0-0 0-0 7. f4 d6 8. a4 exf4 9. Nxf4 Ne5 10. Ba2 c6 11. d4 Ned7 12. Ng6 Re8 13. e5 dxe5 14. dxe5 Nd5 15. Nxd5 cxd5 16. Bxd5 Qb6+ 17. Kh1 Qxg6 18. Bxf7+ Qxf7 19. Rxf7 Kxf7 20. Qd5+ Kf8 21. Bxh6 Rd8 22. Rf1+ Nf6 23. Qf3 Kg8 24. Bg5 Be6 25. exf6 Rf8 26. Qe2 1-0

[Event "Andorra op 21st"]
[Site "Andorra"]
[Date "2003.07.06"]
[Round "2"]
[White "Kallio, Heikki"]
[Black "Pascual Genoves, Marc"]
[Result "1-0"]
[WhiteElo "2471"]
[BlackElo "2090"]
[PlyCount "85"]
[EventDate "2003.07.05"]
[EventType "swiss"]
[EventRounds "9"]
[EventCountry "AND"]
[SourceTitle "CBM 095 Extra"]
[Source "ChessBase"]
[SourceDate "2003.09.04"]
[SourceVersion "1"]
[SourceVersionDate "2003.09.04"]
[SourceQuality "1"]

1. e4 c5 2. Nf3 e6 3. b3 b6 4. Nc3 Bb7 5. Be2 d6 6. 0-0 Nf6 7. Re1 Nbd7 8. Bf1 Be7 9. Bb2 0-0 10. d4 cxd4 11. Nxd4 a6 12. a4 Qc7 13. Re3 Nc5 14. Qe2 Rac8 15. Re1 Rfe8 16. h3 Bf8 17. Nf3 Red8 18. Rd1 Qb8 19. Nh2 Be7 20. Rg3 e5 21. Nd5 Bxd5 22. exd5 b5 23. axb5 axb5 24. Re3 b4 25. Ng4 Qb7 26. Nxf6+ Bxf6 27. Rg3 Re8 28. Rg4 Ra8 29. Qd2 Rab8 30. h4 h5 31. Rc4 g6 32. g3 Rec8 33. Ra1 Rc7 34. Bg2 Qb6 35. Kh2 Rcb7 36. f4 Re8 37. f5 Kg7 38. Rf1 Rf8 39. Bc1 Kg8 40. Qf2 Qd8 41. Bd2 g5 42. hxg5 Bxg5 43. f6 1-0

[Event "La Pobla de Lillet op 13th"]
[Site "La Pobla de Lillet"]
[Date "2003.??.??"]
[Round "4"]
[White "Pascual Genoves, Marc"]
[Black "De la Paz Perdomo, Frank"]
[Result "0-1"]
[WhiteElo "2092"]
[BlackElo "2442"]
[PlyCount "90"]
[EventDate "2003.08.??"]
[EventType "swiss"]
[EventRounds "9"]
[EventCountry "ESP"]
[SourceTitle "EXT 2005"]
[Source "ChessBase"]
[SourceDate "2004.11.15"]
[SourceVersion "1"]
[SourceVersionDate "2004.11.15"]
[SourceQuality "1"]

1. e4 e5 2. Nf3 d6 3. d4 exd4 4. Qxd4 Nf6 5. Bg5 Be7 6. Nc3 0-0 7. 0-0-0 Nbd7 8. h3 Re8 9. Qd2 c6 10. Bd3 Nc5 11. Rhe1 Ne6 12. Bh4 Nc5 13. Bg3 Be6 14. Nd4 Qa5 15. Nxe6 Nxe6 16. Kb1 Nh5 17. Bh2 Bg5 18. Qe2 Nhf4 19. Bxf4 Bxf4 20. Qg4 Be5 21. Ne2 Qb6 22. c3 Qxf2 23. Rf1 Qe3 24. Bc4 b5 25. Rf3 Qh6 26. Bb3 a5 27. Nd4 Bxd4 28. cxd4 a4 29. Bxe6 Rxe6 30. Rdf1 Re7 31. Rf4 c5 32. d5 Rae8 33. Qf3 f6 34. Re1 Qg5 35. h4 Qe5 36. g4 b4 37. g5 a3 38. Qf2 fxg5 39. hxg5 Qxb2+ 40. Qxb2 axb2 41. g6 hxg6 42. Rg4 g5 43. Rxg5 Rxe4 44. Rxe4 Rxe4 45. Rg6 Re2 0-1

[Event "Garcia Ilundain Memorial"]
[Site "Barcelona"]
[Date "2002.12.31"]
[Round "9"]
[White "Homedes Pedret, Cristian"]
[Black "Pascual Genoves, Marc"]
[Result "1/2-1/2"]
[WhiteElo "2165"]
[BlackElo "2105"]
[PlyCount "56"]
[EventDate "2002.12.21"]
[EventType "tourn"]
[EventRounds "9"]
[EventCountry "ESP"]
[SourceTitle "EXT 2019"]
[Source "ChessBase"]
[SourceDate "2018.10.10"]
[SourceVersion "1"]
[SourceVersionDate "2018.10.10"]
[SourceQuality "1"]

1. e4 e6 2. d4 d5 3. Nc3 Nf6 4. Bg5 dxe4 5. Nxe4 Be7 6. Bxf6 gxf6 7. Nf3 b6 8. c3 Bb7 9. Bd3 c6 10. Qe2 Qc7 11. 0-0-0 Nd7 12. Kb1 0-0-0 13. Rhe1 Kb8 14. Bc2 Rhe8 15. Ng3 Nf8 16. Ne4 Ng6 17. g3 f5 18. Ned2 Bf6 19. Nc4 Ba6 20. Bd3 c5 21. dxc5 Qxc5 22. Nce5 Bxd3+ 23. Nxd3 Qb5 24. Nb4 Qxe2 25. Rxd8+ Rxd8 26. Rxe2 Kc7 27. Kc2 a5 28. Nd3 Kc6 1/2-1/2

[Event "Garcia Ilundain Memorial"]
[Site "Barcelona"]
[Date "2002.12.28"]
[Round "6"]
[White "Alsina Leal, Daniel"]
[Black "Pascual Genoves, Marc"]
[Result "1/2-1/2"]
[WhiteElo "2210"]
[BlackElo "2105"]
[PlyCount "72"]
[EventDate "2002.12.21"]
[EventType "tourn"]
[EventRounds "9"]
[EventCountry "ESP"]
[SourceTitle "EXT 2004"]
[Source "ChessBase"]
[SourceDate "2003.11.25"]
[SourceVersion "1"]
[SourceVersionDate "2003.11.25"]
[SourceQuality "1"]

1. e4 c6 2. Nf3 d5 3. Nc3 Bg4 4. h3 Bxf3 5. Qxf3 e6 6. a3 Nf6 7. d3 Bc5 8. g3 Nbd7 9. Bg2 0-0 10. 0-0 dxe4 11. dxe4 e5 12. Nd1 Re8 13. Ne3 g6 14. c3 a5 15. a4 Be7 16. Ng4 Nxg4 17. hxg4 Bg5 18. Be3 Bxe3 19. Qxe3 Qe7 20. Bf3 Qc5 21. Qg5 Kg7 22. Kg2 Qe7 23. Qe3 h6 24. Bd1 Rad8 25. Bc2 Qc5 26. Qxc5 Nxc5 27. Rad1 Kf6 28. Kf3 Ne6 29. Ke3 Rxd1 30. Rxd1 Rd8 31. Rxd8 Nxd8 32. Bb3 Ke7 33. Bc4 Kd6 34. b4 b6 35. Kd3 f6 36. Bg8 Nb7 1/2-1/2

[Event "Garcia Ilundain Memorial"]
[Site "Barcelona"]
[Date "2002.12.23"]
[Round "3"]
[White "Pascual Genoves, Marc"]
[Black "Vila Gazquez, Xavier"]
[Result "1/2-1/2"]
[WhiteElo "2105"]
[BlackElo "2191"]
[PlyCount "57"]
[EventDate "2002.12.21"]
[EventType "tourn"]
[EventRounds "9"]
[EventCountry "ESP"]
[SourceTitle "EXT 2004"]
[Source "ChessBase"]
[SourceDate "2003.11.25"]
[SourceVersion "1"]
[SourceVersionDate "2003.11.25"]
[SourceQuality "1"]

1. e4 c5 2. Nf3 Nc6 3. d4 cxd4 4. Nxd4 g6 5. Nc3 Bg7 6. Nde2 d6 7. g3 Nf6 8. Bg2 Bd7 9. 0-0 0-0 10. h3 Rb8 11. a4 a6 12. Be3 h6 13. Nd5 Kh7 14. c3 b5 15. axb5 Rxb5 16. Rxa6 Rxb2 17. Nxf6+ Bxf6 18. Bxh6 Rh8 19. Bc1 Rb8 20. Nf4 Bxc3 21. Bd2 Be5 22. Nd3 Bf6 23. g4 Ne5 24. Nxe5 Bxe5 25. Re1 Qc7 26. Be3 Rhc8 27. Ra7 Rb7 28. Rxb7 Qxb7 29. Bd4 1/2-1/2